000 00533pam a2200205 a 4500
020 _a0721691846
_c6121.40
041 _aeng
_hNULL
082 _a616.4
_bLAR/KRO
100 _aLARSEN, P .
245 _aWILLIAMS TEXT BOOK OF ENDOCRINOLOGY /
_cNULL.
_hTextual Documents
250 _a10 /
_b.
260 _aNULL :
_bSAUNDERS ,
_c2002.
300 _a1927 :
_bxxiii ;
_cNULL .
365 _a6121.40
_e1
700 _aKRONENBERTG, H .
907 _a3128
930 _a1003
999 _c795539
_d795539
650 _aGEN.MEDICINE